000 00820nab a2200241 u 4500
001 12909
003 HDC
007 cr bn ---aaaaa
008 210211c my dr|nes 0 may d
040 _aHDC
245 0 _aTahukah Anda Menteri juga beri pengiktirafan terhadap McCafe Di #MIHAS2016 ?
260 _a[no place] :
_b[publisher not identified],
_c[no year]
336 _atext
_2rdacontent
337 _acomputer
_2rdamedia
338 _aonline resource
_2rdacarrier
650 _aFast food restaurant
_99924
650 _aHalal certificate
_9482
710 _aKl Chronicle
856 _zRequest full-text at [email protected]
942 _2lcc
942 _cNEWS
942 _kNWSO 002742
999 _c10225
_d10225